[Event "18th Delhi GM Open 2020"]
[Site "Delhi"]
[Date "2020.01.10"]
[Round "3.23"]
[White "Aradhya, Garg"]
[Black "Kaczur, Florian"]
[Result "0-1"]
[WhiteElo "2197"]
[BlackElo "2485"]
[Annotator "TA"]
[PlyCount "115"]
[EventDate "2020.01.09"]
[EventType "swiss"]
[EventCountry "IND"]
[SourceTitle "playchess.com"]
[Source "ChessBase"]
[SourceQuality "1"]

{[%evp 12,115,30,19,37,60,47,22,22,22,26,29,36,16,18,17,21,10,16,0,10,-23,0,0,13,22,26,27,26,28,12,16,27,52,37,0,0,0,85,87,136,78,65,47,54,43,47,0,0,0,0,0,0,0,0,0,0,0,0,0,0,0,0,0,0,0,0,0,0,0,0,0,0,0,0,0,0,0,0,-24,-31,-51,-47,-331,-316,-386,-381,-1049,-826,-836,-807,-810,-794,-1081,-648,-12842,-12843,-12844,-12844,-12845,-12846,-12847,-12847,-12849,-12848,-12850]} 1. d4 Nf6 2. c4 e6 3. Nf3 d5 4. Bg5 Nbd7 5. Nc3 c6 6. e3 h6 7. Bh4 g5 {D51: Queen's Gambit Declined: 4 Bg5 Nbd7 sidelines} 8. Bg3 Nh5 9. Rc1 (9. Qc2 Nxg3 10. hxg3 Bg7 11. O-O-O O-O 12. Kb1 Qe7 13. e4 dxe4 14. Nxe4 f5 15. Nc3 {0-1 (37) Mamedyarov,S (2772)-Korobov,A (2670) Bucharest 2019}) 9... Nxg3 {The position is equal.} 10. hxg3 Bg7 11. Qc2 $146 ({Predecessor:} 11. Bd3 Qc7 12. e4 g4 13. Nh4 h5 14. e5 dxc4 15. Bxc4 {1-0 (70) Prix,S (1720)-Langner,H (1570) Berlin 2017}) 11... a6 12. Be2 O-O 13. O-O b5 14. cxd5 cxd5 15. a4 b4 16. Na2 Rb8 17. b3 Re8 18. Qc7 Bf8 19. Ne5 $36 {[%mdl 2048] Black is under pressure.} Qxc7 20. Rxc7 Nxe5 21. dxe5 Bg7 22. f4 f6 23. exf6 Bxf6 24. Rfc1 Bb7 (24... a5 $11 {remains equal.}) 25. Nxb4 $16 a5 26. Bh5 (26. Bb5 $142 Rec8 27. Rxc8+ Rxc8 28. Rxc8+ Bxc8 29. Nc6) 26... Re7 27. Rxe7 Bxe7 28. Nc6 Ba3 29. Ra1 (29. Rc2 {is interesting.} Bxc6 30. Rxc6 Rxb3 31. Kf2 d4 32. exd4 Bb2 33. d5) 29... Bxc6 30. Rxa3 $11 {[%mdl 4096] Endgame KRB-KRB} Rb4 31. Bf3 Kg7 32. Kf2 Kf6 33. Ke2 e5 34. fxe5+ Kxe5 {[#] Strongly threatening ...g4.} 35. Kd3 g4 36. Bd1 h5 37. Ra2 d4 38. Rf2 dxe3 39. Kxe3 Re4+ 40. Kd2 Rd4+ 41. Ke2 Re4+ 42. Kd2 {next Bc2 is good for White.} Rd4+ 43. Ke2 {[#]} h4 $1 {[%mdl 512]} 44. gxh4 {And now Bc2 would win.} g3 $1 {[%csl LRf2,LRh4]} 45. Rf7 Bxg2 {White must now prevent ...Bh3.} 46. Rg7 Kf4 {[%mdl 1024] ( -> ...Bf3+). Black has compensation.} 47. Rf7+ $2 {[%mdl 8192]} (47. Ke1 $1 $15 Re4+ 48. Kd2) 47... Kg4 $19 48. Bc2 Bd5 49. Rg7+ $2 (49. Bf5+ Kxh4 50. Rh7+ Kg5 51. Bh3) 49... Kh3 {Black is clearly winning.} 50. h5 Rh4 51. Rg5 g2 52. h6 Kh2 53. Kf2 Rxh6 54. Bf5 Kh1 55. Bc8 Rh2 {[%csl Gh1][%cal Rg2g1]} 56. Ke3 g1=Q+ 57. Rxg1+ Kxg1 58. Kd4 {Accuracy: White = 42%, Black = 79%.} 0-1

[Event "18th Delhi GM Open 2020"]
[Site "Delhi"]
[Date "2020.01.10"]
[Round "3.24"]
[White "Dahale, Atul"]
[Black "Nigmatov, Ortik"]
[Result "0-1"]
[WhiteElo "2025"]
[BlackElo "2467"]
[Annotator "TA"]
[PlyCount "78"]
[EventDate "2020.01.09"]
[EventType "swiss"]
[EventCountry "IND"]
[SourceTitle "playchess.com"]
[Source "ChessBase"]
[SourceQuality "1"]

{[%evp 10,78,40,34,56,28,71,17,95,97,83,55,59,74,60,72,85,44,47,53,50,52,40,25,41,0,18,0,9,0,0,0,0,7,0,0,0,-27,-22,-26,0,0,0,0,7,14,56,0,0,0,41,31,25,-3,-12,-53,0,-30,0,0,0,0,0,-117,-146,-1292,-1250,-3035,-774,-709,-687]} 1. d4 Nf6 2. c4 g6 3. Nc3 Bg7 4. e4 d6 5. Nf3 O-O 6. h3 Qe8 {E90: King's Indian: Classical: Early deviations and 6 h3} 7. g4 Nc6 $146 ({Predecessor:} 7... Na6 8. Bg5 c5 9. Qd2 b6 10. Rd1 cxd4 11. Nxd4 Bb7 12. f3 Nc5 13. Bh6 a6 14. Be2 Rd8 15. h4 e5 16. Nf5 Bxh6 17. Qxh6 Ne6 18. Nd5 Nxd5 19. cxd5 gxf5 20. gxf5 Kh8 21. Qf6+ Ng7 22. Rg1 Rg8 23. h5 {1-0 (23) Nepomniachtchi,I (2717)-Ponomariov,R (2756) Riga 2013}) 8. d5 (8. Be3 $16) 8... Ne5 (8... Nb4 $11) 9. Nxe5 $16 dxe5 10. Be3 c6 11. Be2 cxd5 12. cxd5 Qd8 13. g5 Ne8 $1 14. h4 Nd6 15. f3 Bd7 16. a4 f5 17. O-O (17. gxf6 $5 Rxf6 18. h5 $14) 17... Qa5 18. Bb5 Bc8 19. Qb3 fxe4 20. Nxe4 Bh3 21. Rf2 Rac8 22. Nxd6 exd6 23. Bf1 Bxf1 24. Raxf1 Rf7 25. Kg2 Re8 26. Qb5 Qd8 27. Bxa7 Rf4 {[#] And now ...e4 would win.} 28. Bb6 (28. Be3 $14 Rxh4 29. Rc2) 28... Qe7 $11 29. Kg3 h6 30. Be3 Rf5 31. gxh6 Bf6 32. Rg2 e4 33. f4 Bxh4+ 34. Kh2 Kh7 35. Rc1 $1 Ref8 36. Qb6 {[#]} (36. Rgc2 $11 R8f7 37. Kg2) 36... R8f7 $1 $40 {[%mdl 1152] Black has strong compensation. Black wants a kill.} 37. Rcg1 $2 {[%mdl 8192]} (37. Qd4 $17) 37... Rh5 $19 {[%cal Rh4f2] Black is clearly winning.} 38. Rg4 Bf2+ (38... Qd7 $142 39. R4g3 Bd8+ {[%mdl 64] Discovered Attack} 40. Kg2 Bxb6 41. Bxb6 Qxa4) 39. Kg2 Bxg1 {Accuracy: White = 39%, Black = 37%.} 0-1

[Event "18th Delhi GM Open 2020"]
[Site "Delhi"]
[Date "2020.01.10"]
[Round "3.25"]
[White "Nguyen, Van Huy"]
[Black "Srija, Seshadri"]
[Result "1-0"]
[WhiteElo "2463"]
[BlackElo "2225"]
[Annotator "TA"]
[PlyCount "87"]
[EventDate "2020.01.09"]
[EventType "swiss"]
[EventCountry "IND"]
[SourceTitle "playchess.com"]
[Source "ChessBase"]
[SourceQuality "1"]

{[%evp 12,87,20,-7,0,-6,-16,-19,-16,-29,-28,-26,-11,-15,-12,-12,-18,-12,0,-20,-29,-60,-2,-17,88,35,37,33,26,27,30,0,0,-15,22,16,43,36,48,52,51,43,34,39,143,137,125,18,167,126,131,127,119,87,180,173,182,182,175,175,175,143,839,836,828,828,29979,29980,29980,11118,29983,29984,29983,29984,29988,29989,29988,29985]} 1. d4 d5 2. Nf3 Nf6 3. c4 e6 4. g3 Bb4+ 5. Nbd2 dxc4 6. Bg2 O-O 7. O-O b5 {E04: Open Catalan: 5 Nf3} 8. a4 c6 9. Ne1 Nd5 {The position is equal.} 10. Nc2 Be7 11. e4 Nb6 $146 ({Predecessor:} 11... Nc7 12. h4 e5 13. dxe5 Nd7 14. Nf3 Ne6 15. Ne3 Ndc5 16. Nf5 Nd3 17. b3 Bc5 18. bxc4 bxc4 19. Ba3 Bxa3 20. Rxa3 Ba6 21. Qd2 {½-½ (21) Ipatov,A (2659)-Yang,D (2495) Columbus 2017}) 12. a5 N6d7 13. e5 Bb7 14. Ne4 Na6 15. Qg4 Kh8 16. Qh5 f6 ({Better is} 16... Rb8 $15) 17. exf6 $11 gxf6 (17... Nxf6 $11 18. Nxf6 Rxf6) 18. Bh6 (18. Re1 $16) 18... Rg8 $14 19. Rfe1 {[%mdl 1024] White has compensation.} Qe8 20. Qh3 $40 {[%mdl 128] White is up to no good.} Nc7 21. Nc3 Nf8 22. Be4 (22. Bf4 $5 {[%cal Rf4c7]} Nd5 23. Bd2 $11) 22... Qf7 23. a6 $1 {[%cal Ra6b7]} Nxa6 24. Nxb5 f5 25. Bh1 Nb4 26. Nxb4 Bxb4 27. Nc3 c5 (27... Rg6 $14) 28. Bxb7 $16 Qxb7 29. Qh4 ({White should play} 29. d5 $1 $16 {[%cal Rd5e6]} Bxc3 30. bxc3 Qxd5 31. Qh4) 29... Rg6 (29... Qf7 $1 $11 {and Black is okay.} 30. Nb5 Rg4) 30. Bxf8 Rxf8 {[#]} 31. d5 $1 f4 32. Rxe6 (32. dxe6 {keeps more tension.} fxg3 33. hxg3 Qf3 34. Qh2 Bxc3 35. bxc3 Qxc3 36. e7) 32... fxg3 (32... Rg7 $16 {was necessary.}) 33. hxg3 $18 ({Worse is} 33. Rxg6 gxf2+ 34. Kf1 Bxc3 $11) 33... Rxe6 34. dxe6 {And now e7 would win.} Bxc3 35. bxc3 $16 {[%mdl 4096] Endgame Black must now prevent e7. KQR-KQR} Qf3 36. Rf1 {Hoping for e7.} Qxc3 $2 {[%mdl 8192]} (36... Qe2 $16) 37. e7 $18 {[%cal Re7f8]} Re8 {[#]} 38. Rd1 $1 {White wants to mate with Qh5!} Qf3 {[#]} 39. Rd8 $1 {[%mdl 512]} Qf7 40. Qe4 (40. Qg5 $142 a5 41. Qe5+ Kg8 42. Qb8 Qxe7 43. Rxe8+ Kf7 44. Rxe7+ Kxe7 45. Qe5+ Kf7 46. Qxc5) 40... c3 41. Qe5+ {White mates.} Kg8 {[#]} 42. Qb8 $1 {[%mdl 512]} c2 43. Rxe8+ Kg7 {[#]} 44. Qb2+ {Played: Re8-g8} 1-0

[Event "18th Delhi GM Open 2020"]
[Site "Delhi"]
[Date "2020.01.10"]
[Round "3.26"]
[White "Neverov, Valeriy"]
[Black "Arpita, Mukherjee"]
[Result "1/2-1/2"]
[WhiteElo "2460"]
[BlackElo "2211"]
[Annotator "TA"]
[PlyCount "77"]
[EventDate "2020.01.09"]
[EventType "swiss"]
[EventCountry "IND"]
[SourceTitle "playchess.com"]
[Source "ChessBase"]
[SourceQuality "1"]

{[%evp 19,77,0,0,0,0,0,27,-22,23,-19,-13,-35,-25,-18,-22,-57,0,0,10,-7,-17,-82,-41,-79,-68,-68,15,0,0,0,0,0,0,0,0,0,0,-26,0,0,7,0,0,0,0,0,0,0,0,0,0,0,0,0,0,0,0,0,0,0]} 1. Nf3 Nf6 2. c4 g6 3. d4 Bg7 4. Nc3 O-O 5. e4 d6 6. h3 e5 7. d5 Nh5 8. Nh2 Qe8 9. Be2 Nf4 10. Bf3 f5 11. g3 {E90: King's Indian: Classical: Early deviations and 6 h3} fxe4 12. Nxe4 Nh5 13. Bg4 {White has an edge.} Nd7 $146 ({Predecessor:} 13... Nf6 14. Nxf6+ Rxf6 15. Be3 Na6 16. Nf3 c6 17. Bxc8 Qxc8 18. Ng5 Qf5 {1-0 (34) Levin,E (2543)-Abdukarimova,H (1888) Tashkent 2018}) 14. Be3 Nhf6 15. Nxf6+ Nxf6 16. Bxc8 Rxc8 17. Ng4 c5 ({Better is} 17... Nd7 $15) 18. Nxf6+ $11 Bxf6 19. a4 e4 20. Ra2 (20. Qe2 $11) 20... Qd7 21. b3 Bc3+ 22. Kf1 $1 Qf5 ({Black should play} 22... Be5 $15) 23. Kg2 Rce8 24. Rc2 Bd4 {And now ...Qf3+ would win.} 25. Re1 $1 Be5 26. Qg4 h5 27. Qxf5 gxf5 28. f3 f4 (28... h4 $5) 29. gxf4 {The position is equal.} Bxf4 30. Rf2 Rf7 31. Bxf4 exf3+ 32. Kf1 $1 Rxe1+ 33. Kxe1 Rxf4 {[%mdl 4096] Endgame KR-KR} 34. Kd2 Kg7 35. Ke3 Rf7 36. Rxf3 Rxf3+ 37. Kxf3 Kg6 38. Kf4 Kf6 39. h4 {Accuracy: White = 45%, Black = 64%.} 1/2-1/2

[Event "18th Delhi GM Open 2020"]
[Site "Delhi"]
[Date "2020.01.10"]
[Round "3.27"]
[White "Shyaamnikhil P"]
[Black "Ziatdinov, Raset"]
[Result "1-0"]
[WhiteElo "2458"]
[BlackElo "2203"]
[Annotator "RC"]
[PlyCount "74"]
[EventDate "2020.01.09"]
[EventType "swiss"]
[EventCountry "IND"]
[SourceTitle "playchess.com"]
[Source "ChessBase"]
[SourceQuality "1"]
[TimeControl "5400+30"]

1. Nf3 {[%emt 0:00:00]} d5 {[%emt 0:00:00]} 2. g3 {[%emt 0:00:00]} Nc6 {[%emt 0:00:00]} 3. d4 {[%emt 0:00:16]} b5 {[%emt 0:00:09]} 4. Bg2 {[%emt 0:00:40]} e6 {[%emt 0:00:16]} 5. O-O {[%emt 0:00:51]} Nf6 {[%emt 0:00:09]} 6. Nbd2 {[%emt 0:03:09]} Bb7 {[%emt 0:02:21]} 7. c3 {[%emt 0:02:41]} Bd6 {[%emt 0:03:44]} 8. e4 {[%emt 0:05:28]} dxe4 {[%emt 0:04:53]} 9. Ng5 {[%emt 0:00:17]} Ne7 {[%emt 0:00:49]} 10. Ndxe4 {[%emt 0:01:29]} Nxe4 {[%emt 0:00:22]} 11. Nxe4 {[%emt 0:00:06]} Rb8 {[%emt 0:01:09]} 12. Qh5 {[%emt 0:03:53]} O-O {[%emt 0:06:15]} 13. Bg5 {[%emt 0:04:59]} Bxe4 {[%emt 0:02:51]} 14. Bxe4 {[%emt 0:00:36]} h6 {[%emt 0:00:12]} 15. Rfe1 {[%emt 0:02:25]} Qd7 {[%emt 0:00:57]} 16. Bc2 {[%emt 0:06:10]} Nd5 {[%emt 0:01:54]} 17. Bxh6 {[%emt 0:10:24]} gxh6 {[%emt 0:00:42]} 18. Qxh6 {[%emt 0:00:05]} f6 {[%emt 0:03:24]} 19. Re4 {[%emt 0:00:55]} Nf4 {[%emt 0:13:50]} 20. gxf4 {[%emt 0:01:37]} Qg7+ {[%emt 0:00:10]} 21. Qxg7+ {[%emt 0:00:07]} Kxg7 {[%emt 0:00:06]} 22. Rae1 {[%emt 0:03:49]} Rh8 {[%emt 0:00:44]} 23. Rxe6 {[%emt 0:02:23]} Rh4 {[%emt 0:00:31]} 24. Re7+ {[%emt 0:20:29]} Bxe7 {[%emt 0:01:32]} 25. Rxe7+ {[%emt 0:00:06]} Kh8 {[%emt 0:00:44]} 26. Rxc7 {[%emt 0:01:45]} Rg8+ {[%emt 0:00:54]} 27. Kf1 {[%emt 0:00:07]} Rxh2 {[%emt 0:01:05]} 28. Rxa7 {[%emt 0:01:27]} Rg4 {[%emt 0:00:38]} 29. Re7 {[%emt 0:05:09]} Rxf4 {[%emt 0:00:18]} 30. Re2 {[%emt 0:00:07]} b4 {[%emt 0:03:37]} 31. d5 {[%emt 0:03:31]} bxc3 {[%emt 0:00:30]} 32. bxc3 {[%emt 0:00:06]} Rg4 {[%emt 0:11:22]} 33. Rd2 {[%emt 0:01:10]} Rh5 {[%emt 0:02:09]} 34. Ke2 {[%emt 0:03:12]} Re5+ {[%emt 0:01:12] Bb3 Rg8+} 35. Kf3 {[%emt 0:09:42] Rge8 c4 Rc8 Rc2 Rc5 Kg4 Rg5+ Kf3 Re5} Re2 {[%emt 0:06:23] Kg7 Re4 Rc8 Ke3 Kf7 Kd4 Rxe4+ Kxe4 Ke7 Kd4 Rh8 c5 Rh4+ Ke3 Rb4 Kd3 Rf4 Ke3 Rb4} 36. d6 {[%emt 0:05:34] Kd7 Bd5} Ra4 {[%emt 0:31:25] Kd3 Rg4 Kc3 Rb4 Kxb4} 37. Bb3 {[%emt 0:03:04]} Rxf2+ {[%emt 0:20:32] Ba4+ Kc8 Bb3 Kd7 Kb6 Rb2 c6+} 1-0

[Event "18th Delhi GM Open 2020"]
[Site "Delhi"]
[Date "2020.01.11"]
[Round "4.1"]
[White "Gusain, Himal"]
[Black "Martinez Alcantara, Jose Eduardo"]
[Result "0-1"]
[WhiteElo "2401"]
[BlackElo "2606"]
[Annotator "TA"]
[PlyCount "94"]
[EventDate "2020.01.09"]
[EventType "swiss"]
[EventCountry "IND"]
[SourceTitle "playchess.com"]
[Source "ChessBase"]
[SourceQuality "1"]

{[%evp 18,94,-20,-25,11,8,9,18,20,-5,0,0,0,0,3,0,0,0,22,0,0,0,0,0,0,-6,0,2,11,37,13,0,0,0,0,0,0,-37,-25,-32,-39,-27,-12,-4,0,-23,0,0,0,0,0,-8,-4,-556,-530,-525,-522,-448,-448,-448,-448,-421,-308,-410,-527,-525,-490,-591,-585,-552,-586,-935,-920,-1847,-1535,-29996,-29997,-29997,-332]} 1. e4 c5 2. Nf3 Nc6 3. Bb5 g6 4. O-O Bg7 5. c3 Nf6 6. Re1 O-O 7. e5 Nd5 8. d4 cxd4 9. cxd4 d6 10. Nc3 dxe5 {[%cal Rc6d4] B31: Sicilian: 2...Nc6 3 Bb5 g6} (10... Nxc3 11. bxc3 Bg4 12. exd6 exd6 13. h3 Bf5 14. Bg5 Qc7 15. Qd2 a6 16. Bf1 Rac8 17. Bh6 Na5 18. Bxg7 Kxg7 19. Qf4 Rce8 {1-0 (29) Novikov,S (2513)-Matlakov,M (2694) Tallinn 2016}) 11. Bxc6 bxc6 12. Nxe5 Qc7 {The position is equal.} 13. Qa4 Nb6 14. Qa5 $146 ({Predecessor:} 14. Qb4 Bb7 15. Bf4 Qd6 16. Qxd6 exd6 17. Nf3 Rfd8 18. Re7 {0-1 (39) Isserman,R (2329)-Jankovic,A (2555) Hessen 2014}) 14... Bf5 15. Bf4 {Black must now prevent Nxg6!} Qb7 16. Na4 Nxa4 17. Qxa4 Qb5 18. Qa3 f6 19. Nf3 Rf7 20. Qc3 Bf8 21. Nd2 Rd8 22. a3 g5 23. Be3 $1 e6 24. Rac1 a5 25. f3 Rb8 26. Nc4 a4 27. g4 Bg6 28. Bf2 Qd5 29. Qe3 Rb3 30. Qxe6 Rxf3 31. Nb6 Qd8 32. Rxc6 {Threatens to win with Rc8.} Rxf2 {[%mdl 64] [#] Remove Defender, Decoy} 33. Kxf2 {d5 is the strong threat.} Qxd4+ 34. Qe3 Qxb2+ 35. Kg1 $2 {[%mdl 8192]} (35. Re2 $11 {and White is okay.} Qb5 36. Qe6) 35... Re7 $19 36. Re6 Rxe6 37. Qxe6+ Bf7 38. Qe3 Bd6 39. Re2 Qb1+ 40. Kg2 Qb5 41. Rc2 {Now Nc8 and White clings on.} Kg7 42. Qd4 Be5 43. Qe3 {[#]} Qb3 $1 {[%mdl 512]} 44. Qc5 {and the idea Re2 leaves White hopeful.} Qd3 45. Qc6 Bg6 {Hoping for ...Be4+.} 46. Rc4 Qe2+ 47. Kg1 Qxh2+ {Accuracy: White = 37%, Black = 71%.} 0-1

[Event "18th Delhi GM Open 2020"]
[Site "Delhi"]
[Date "2020.01.11"]
[Round "4.2"]
[White "Navalgund, Niranjan"]
[Black "Aleksandrov, Aleksej"]
[Result "0-1"]
[WhiteElo "2246"]
[BlackElo "2592"]
[Annotator "TA"]
[PlyCount "141"]
[EventDate "2020.01.09"]
[EventType "swiss"]
[EventCountry "IND"]
[SourceTitle "playchess.com"]
[Source "ChessBase"]
[SourceQuality "1"]

{[%evp 22,141,31,8,24,20,28,-19,0,-14,-4,-12,-14,-23,-13,-9,0,0,0,0,15,4,8,10,6,0,0,0,0,0,0,0,61,71,78,80,72,60,118,91,155,48,67,72,64,64,64,67,68,35,61,0,0,0,0,0,0,-32,-38,-77,-54,-43,-56,-46,-43,-656,-270,-226,-112,-453,-464,-420,15,0,0,-407,-420,-598,-580,-532,-531,-487,-416,-216,-97,-75,-65,-147,-42,-133,-41,-533,-58,-52,-52,-58,0,0,0,-629,-585,-29970,-29966,-29974,-29975,-29975,-29976,-29975,-29977,-29971,-29977,-29972,-29973,-29972,-29972,-29974,-29967,-5157,0,-29974,-29975,-29987]} 1. e4 e5 2. Nf3 Nc6 3. Bb5 a6 4. Ba4 Nf6 5. O-O Be7 6. Re1 b5 7. Bb3 O-O 8. d4 d6 9. c3 Bg4 10. Be3 Bh5 11. h3 Re8 12. Nbd2 exd4 {C91: Closed Ruy Lopez: 7...d6 8 c3 0-0 9 d4} 13. cxd4 {[#]} Nb4 $146 ({Predecessor:} 13... Na5 14. Bc2 c5 15. dxc5 dxc5 16. e5 Nd5 17. Qb1 Bg6 18. e6 Nc6 19. exf7+ Kxf7 20. a4 {1-0 (32) Svetushkin,D (2543)-Brunello,S (2568) Baku 2016}) 14. g4 Bg6 {The position is equal.} 15. Nh4 c5 $1 16. Nxg6 hxg6 17. Qb1 Nd7 18. a3 cxd4 19. Bxd4 Nc6 20. Be3 g5 21. Bd5 Rc8 22. Nf3 Bf6 (22... Nce5 $5 {[%cal Re5f3]} 23. Qd1 Bf6 $11) 23. h4 {[%cal Rh4g5]} Nce5 24. Nxe5 Nxe5 25. Qd1 $1 Nc4 26. hxg5 Nxe3 (26... Bxg5 $11 27. Bd4 Ne5) 27. Rxe3 $14 Bxg5 28. Rf3 Rc7 29. Qb3 {[%cal Rd5f7]} Rf8 (29... Ree7 $14) 30. Kg2 $1 $16 g6 (30... Bh6 $142) 31. Rh3 (31. Rh1 $16) 31... Bf6 32. Rah1 Bg7 33. Qe3 {Rh8+! would kill now.} Qf6 $1 34. Rf3 Qe5 35. Qb6 Re7 36. Qxa6 (36. g5 $14) 36... Qg5 $11 37. Rg3 Be5 38. Qxb5 Rc7 39. Bc6 Kg7 40. Rh5 Qf4 ({Much weaker is} 40... gxh5 41. gxh5 Qxg3+ 42. fxg3 $11) 41. Rxe5 $1 dxe5 42. Qb6 Rcc8 {[%mdl 1024] ...Qf6 is the strong threat. Black has compensation.} 43. b4 $2 {[%mdl 8192]} (43. Bd5 $15) 43... Rh8 (43... Qc1 $142 {( -> ...Rh8)} 44. Qb5 Rh8 45. Qxe5+ Kg8) 44. Qc5 $19 Kg8 (44... Qh6 $1 $19 {[%csl Gh8][%cal Rh6h1]} 45. Qxe5+ Kg8) 45. b5 $2 {[%mdl 8192]} (45. Qc3 $17) 45... Qh6 $1 {[%csl Gh8][%cal Rh6h1]} 46. Kf3 Qf4+ $2 (46... Qd2 $1 $19 47. Qd5 Qb2) 47. Kg2 $2 {[%mdl 8192]} (47. Ke2 $11 {and White stays safe.}) 47... Qh6 $40 {[%csl Gh8][%cal Rh6h1][%mdl 128] Black mounts an attack.} 48. Kf3 $1 Qd2 $1 {[%cal Rd2d1]} 49. Qe3 (49. Rg1 {was necessary.} Rd8 50. Bd5 Rh3+ 51. Kg2) 49... Qd1+ 50. Qe2 Qh1+ 51. Ke3 Qc1+ 52. Qd2 Qxa3+ (52... Qa1 $19 {and Black stays clearly on top. Threatens to win with ...Rh1.} 53. g5 Rh1) 53. Ke2 $17 Qa7 {Hoping for ...Rh1.} 54. Rf3 (54. Qe3 $15 Qa2+ 55. Qd2) 54... Rh7 (54... Rh1 $17 55. Qd5 Rf8) 55. Qd5 (55. Qd1 $15) 55... Qa1 (55... Rh1 $17 {Strongly threatening ...Rf8.} 56. Qb3 Rd8) 56. Rf6 $2 {[%mdl 8192] [#]} (56. Qd1 $15 Qa5 57. Qd2) 56... Qb2+ $2 (56... Rh1 $1 $19 57. g5 (57. Qxf7+ $2 Kh8 $19) 57... Qe1+ 58. Kd3 Qd1+ 59. Kc4 Qa4+ 60. Kc5 Rd1 61. Qxf7+ Kh8) 57. Qd2 $15 Qb1 $1 {And now ...Rh1 would win.} 58. Qd5 {aiming for Rxg6+.} Qb2+ ({Better is} 58... Qc2+ $15 59. Qd2 Qc4+ 60. Qd3 Qc1) 59. Qd2 $11 Qa1 $2 {[%mdl 8192]} (59... Qxd2+ $11 60. Kxd2 Rb8) 60. Qd5 $19 {[#] intending Rxg6+.} Rh1 $1 61. Rxg6+ Kh8 62. Rf6 Qe1+ 63. Kd3 Rh3+ 64. f3 Rh2 65. Rh6+ Rxh6 66. Qxe5+ Kg8 67. Qg5+ Rg6 68. Qd5 Qd1+ 69. Ke3 Qe1+ 70. Kd3 {[#]} Rd6 $1 {[%mdl 512]} 71. Kd4 {Accuracy: White = 41%, Black = 44%.} (71. Qxd6 Qd1+) 0-1

[Event "18th Delhi GM Open 2020"]
[Site "Delhi"]
[Date "2020.01.11"]
[Round "4.3"]
[White "Ishvi Aggarwal"]
[Black "Karthik Venkataraman"]
[Result "0-1"]
[WhiteElo "1693"]
[BlackElo "2479"]
[Annotator "TA"]
[PlyCount "108"]
[EventDate "2020.01.09"]
[EventType "swiss"]
[EventCountry "IND"]
[SourceTitle "playchess.com"]
[Source "ChessBase"]
[SourceQuality "1"]

{[%evp 17,108,23,28,22,35,40,55,0,0,0,0,0,0,0,56,20,100,85,116,89,100,28,32,0,0,0,59,41,114,-60,-50,-60,-54,-65,-69,-63,-13,-9,-9,-96,-38,-96,-93,-93,-93,-87,-85,-92,-46,-63,0,-48,0,-13,-10,-22,-25,-17,-40,-30,-11,-104,-105,-130,-87,-93,-96,-214,-212,-166,-105,-90,0,0,0,-213,-203,-214,-199,-197,-140,-521,-511,-455,-443,-12839,-12838,-12841,-12841,-12841,-12842,-12841,-12839]} 1. d4 Nf6 2. c4 e6 3. g3 c5 4. d5 exd5 5. cxd5 d6 6. Nc3 g6 7. Bg2 Bg7 8. Nf3 O-O 9. O-O Re8 10. a4 {A62: Modern Benoni: Fianchetto Variation without early ...Nbd7} (10. Nd2 Nbd7 11. a4 a6 12. a5 b5 13. axb6 Nxb6 14. Nb3 Qc7 15. Na5 Nfd7 16. Bf4 Ne5 17. Qc1 f5 18. b3 Bd7 19. Ra2 Bb5 20. h3 Nbd7 21. Rd1 Rac8 22. Nc6 {1-0 (49) Firouzja,A (2723)-Duda,J (2758) Moscow 2019}) 10... Na6 11. Nd2 Nb4 12. Re1 (12. Nc4 $14) 12... b6 $11 13. Nc4 Ba6 14. Nb5 $146 ({Predecessor:} 14. Na3 Bb7 15. h3 Qd7 16. e4 Rac8 17. Nab5 a6 {½-½ (44) Bielmeier,L (2030)-Prediger,R (2215) Bayern 2001}) 14... Bxb5 15. axb5 Qd7 ({Better is} 15... Ne4 $11) 16. e4 Bf8 (16... Nfxd5 $1 $11 17. Bd2 (17. exd5 Rxe1+ 18. Qxe1 Nc2 $11 {[%mdl 64] Double Attack}) 17... Nc7) 17. Bg5 Nh5 18. Bf3 Ng7 19. e5 (19. Bf4 $16) 19... Qxb5 20. Nxd6 (20. Be2 $5 {[%cal Rc4d6]} Qd7 21. Bg4 $11 (21. exd6 Nf5 $15)) 20... Bxd6 21. exd6 Rxe1+ (21... Nf5 $11) 22. Qxe1 $14 {And now Qe7 would win.} Nc2 (22... Nf5 $1 $14) 23. Qf1 $2 (23. Qe7 $1 $16 Re8 24. Be2 Qxb2 25. d7 Qxa1+ 26. Bf1) 23... Qd7 $36 {[%mdl 2048] Black is pushing.} 24. Rc1 Nd4 25. Bg2 Qxd6 26. Bf4 Qd7 27. b4 $1 Re8 28. bxc5 (28. Be3 $11) 28... bxc5 (28... Ne2+ $17 29. Kh1 bxc5 30. Rxc5 Nxf4 31. gxf4 Qa4) 29. Rxc5 (29. Be3 $15) 29... Ne2+ $17 30. Kh1 {Hoping for Be3.} Nxf4 31. gxf4 Nh5 32. Qc1 Qg4 33. h3 Qe2 (33... Qxf4 $15 34. Qxf4 Nxf4) 34. Rc2 Qa6 35. Rc6 Qa5 {aiming for ...Re1+.} 36. Rc8 Rxc8 37. Qxc8+ Kg7 38. Qc1 Qb6 39. Qc3+ (39. Bf3 $11) 39... Qf6 40. Qc7 Qd4 41. Qe5+ Qxe5 42. fxe5 {[%mdl 4096] Endgame KB-KN} Nf4 43. d6 Kf8 (43... a5 $19 44. d7 Ne6) 44. Bf1 g5 ({Black should play} 44... a5 $1 $17 45. Bc4 a4) 45. Kh2 $11 Ng6 46. Bd3 $2 (46. Kg3 $11 {and White stays safe.}) 46... a5 $1 $19 {[%cal Ba7a5,Ba5a4,Ba4a3][%mdl 32]} ({Resist} 46... Nxe5 47. Bxh7 Ng6 48. Bg8 $15 (48. Bxg6 $2 fxg6 49. Kg3 a5 $19)) 47. Kg3 a4 $1 48. Bb1 {[#]} Nxe5 (48... a3 $1 $19 49. Kg4 Nxe5+ 50. Kxg5 Nc4) 49. Bxh7 $2 {[%mdl 8192] [#]} (49. f4 $17 {nothing else works.} gxf4+ 50. Kxf4 Ng6+ 51. Ke4) 49... Ng6 $1 {Strongly threatening ...a3.Black is clearly winning.} 50. Bg8 {intending d7.} Nf4 51. Bh7 (51. d7 $142 Ne6 52. Bh7) 51... a3 52. d7 Ke7 53. Bb1 Ne2+ 54. Kg4 Nc3 {Accuracy: White = 37%, Black = 61%.} 0-1